| 000 | 00759cam a22002411 4500 | ||
|---|---|---|---|
| 001 | sa 62000484 | ||
| 003 | DLC | ||
| 005 | 20260227111914.0 | ||
| 008 | 890609s1961 ii b 000 0 hinr | ||
| 010 | _asa 62000484 | ||
| 035 | _a(OCoLC)19844061 | ||
| 040 |
_aDLC _cWaU _dNRU _dDLC |
||
| 042 | _apremarc | ||
| 050 | 0 | 0 |
_aPK2095.T8 _bZ8 |
| 100 | 1 |
_aSahāya, Śiva Nandan, _d1860-1932. |
|
| 245 | 0 | 0 |
_aGosvāmī Tulasīdāsa. _cLekhaka Śivanandana Sahāya. Sampādaka Śrīnalinavilocana Śarmā. |
| 260 |
_aPaṭanā, _bBihāra Rāshṭrabhāshā Parishada _c[1961] |
||
| 300 |
_a2, 11, 2, 4, 351 p. _c25 cm. |
||
| 500 | _aIn Hindi. | ||
| 504 | _aBibliographical footnotes. | ||
| 600 | 0 | 0 |
_aTulasīdāsa, _d1532-1623. |
| 700 | 1 | _aŚarmā, Nalinavilocana. | |
| 999 |
_c52956 _d52956 |
||